<?xml version="1.0" encoding="UTF-8"?>
<record
    xmlns:xsi="http://www.w3.org/2001/XMLSchema-instance"
    xsi:schemaLocation="http://www.loc.gov/MARC21/slim http://www.loc.gov/standards/marcxml/schema/MARC21slim.xsd"
    xmlns="http://www.loc.gov/MARC21/slim">

  <leader>02253nam1a2200361 i 4500</leader>
  <controlfield tag="001">RU\NLR\BIBL_A\012906961</controlfield>
  <controlfield tag="005">20241101041817.0</controlfield>
  <datafield tag="010" ind1=" " ind2=" ">
    <subfield code="a">9785742276395</subfield>
  </datafield>
  <datafield tag="035" ind1=" " ind2=" ">
    <subfield code="a">(NLR Aleph) 012906961</subfield>
  </datafield>
  <datafield tag="090" ind1=" " ind2=" ">
    <subfield code="a">12601221</subfield>
    <subfield code="c">12601221</subfield>
  </datafield>
  <datafield tag="100" ind1=" " ind2=" ">
    <subfield code="a">20221012g20229999u  y0rusy50      ca</subfield>
  </datafield>
  <datafield tag="101" ind1="0" ind2=" ">
    <subfield code="a">rus</subfield>
    <subfield code="d">eng</subfield>
  </datafield>
  <datafield tag="102" ind1=" " ind2=" ">
    <subfield code="a">RU</subfield>
  </datafield>
  <datafield tag="105" ind1=" " ind2=" ">
    <subfield code="a">    j        </subfield>
  </datafield>
  <datafield tag="181" ind1=" " ind2="0">
    <subfield code="a">i </subfield>
    <subfield code="b">axxe  </subfield>
  </datafield>
  <datafield tag="182" ind1=" " ind2="0">
    <subfield code="a">n</subfield>
  </datafield>
  <datafield tag="200" ind1="1" ind2=" ">
    <subfield code="a">&#x41A;&#x43E;&#x440;&#x43F;&#x43E;&#x440;&#x430;&#x442;&#x438;&#x432;&#x43D;&#x44B;&#x435; &#x444;&#x438;&#x43D;&#x430;&#x43D;&#x441;&#x44B;</subfield>
    <subfield code="d">Corporate finance</subfield>
    <subfield code="e">&#x443;&#x447;&#x435;&#x431;&#x43D;&#x43E;&#x435; &#x43F;&#x43E;&#x441;&#x43E;&#x431;&#x438;&#x435;</subfield>
    <subfield code="e">&#x434;&#x43B;&#x44F; &#x43F;&#x43E;&#x434;&#x433;&#x43E;&#x442;&#x43E;&#x432;&#x43A;&#x438; &#x43C;&#x430;&#x433;&#x438;&#x441;&#x442;&#x440;&#x43E;&#x432; &#x43F;&#x43E; &#x43D;&#x430;&#x43F;&#x440;&#x430;&#x432;&#x43B;&#x435;&#x43D;&#x438;&#x44E; 38.04.02 "&#x41C;&#x435;&#x43D;&#x435;&#x434;&#x436;&#x43C;&#x435;&#x43D;&#x442;"</subfield>
    <subfield code="f">&#x415;. &#x413;. &#x41A;&#x438;&#x441;&#x435;&#x43B;&#x451;&#x432;&#x430;, &#x410;. &#x411;. &#x422;&#x435;&#x441;&#x43B;&#x44F;</subfield>
    <subfield code="g">&#x41C;&#x438;&#x43D;&#x438;&#x441;&#x442;&#x435;&#x440;&#x441;&#x442;&#x432;&#x43E; &#x43D;&#x430;&#x443;&#x43A;&#x438; &#x438; &#x432;&#x44B;&#x441;&#x448;&#x435;&#x433;&#x43E; &#x43E;&#x431;&#x440;&#x430;&#x437;&#x43E;&#x432;&#x430;&#x43D;&#x438;&#x44F; &#x420;&#x43E;&#x441;&#x441;&#x438;&#x439;&#x441;&#x43A;&#x43E;&#x439; &#x424;&#x435;&#x434;&#x435;&#x440;&#x430;&#x446;&#x438;&#x438;, &#x421;&#x430;&#x43D;&#x43A;&#x442;-&#x41F;&#x435;&#x442;&#x435;&#x440;&#x431;&#x443;&#x440;&#x433;&#x441;&#x43A;&#x438;&#x439; &#x43F;&#x43E;&#x43B;&#x438;&#x442;&#x435;&#x445;&#x43D;&#x438;&#x447;&#x435;&#x441;&#x43A;&#x438;&#x439; &#x443;&#x43D;&#x438;&#x432;&#x435;&#x440;&#x441;&#x438;&#x442;&#x435;&#x442; &#x41F;&#x435;&#x442;&#x440;&#x430; &#x412;&#x435;&#x43B;&#x438;&#x43A;&#x43E;&#x433;&#x43E;, &#x418;&#x43D;&#x441;&#x442;&#x438;&#x442;&#x443;&#x442; &#x43F;&#x440;&#x43E;&#x43C;&#x44B;&#x448;&#x43B;&#x435;&#x43D;&#x43D;&#x43E;&#x433;&#x43E; &#x43C;&#x435;&#x43D;&#x435;&#x434;&#x436;&#x43C;&#x435;&#x43D;&#x442;&#x430;, &#x44D;&#x43A;&#x43E;&#x43D;&#x43E;&#x43C;&#x438;&#x43A;&#x438; &#x438; &#x442;&#x43E;&#x440;&#x433;&#x43E;&#x432;&#x43B;&#x438;, &#x412;&#x44B;&#x441;&#x448;&#x430;&#x44F; &#x448;&#x43A;&#x43E;&#x43B;&#x430; &#x43F;&#x440;&#x43E;&#x438;&#x437;&#x432;&#x43E;&#x434;&#x441;&#x442;&#x432;&#x435;&#x43D;&#x43D;&#x43E;&#x433;&#x43E; &#x43C;&#x435;&#x43D;&#x435;&#x434;&#x436;&#x43C;&#x435;&#x43D;&#x442;&#x430;</subfield>
    <subfield code="z">eng</subfield>
  </datafield>
  <datafield tag="203" ind1=" " ind2=" ">
    <subfield code="a">&#x422;&#x435;&#x43A;&#x441;&#x442;</subfield>
    <subfield code="b">&#x432;&#x438;&#x437;&#x443;&#x430;&#x43B;&#x44C;&#x43D;&#x44B;&#x439;</subfield>
    <subfield code="c">&#x43D;&#x435;&#x43F;&#x43E;&#x441;&#x440;&#x435;&#x434;&#x441;&#x442;&#x432;&#x435;&#x43D;&#x43D;&#x44B;&#x439;</subfield>
  </datafield>
  <datafield tag="210" ind1=" " ind2=" ">
    <subfield code="a">&#x421;&#x430;&#x43D;&#x43A;&#x442;-&#x41F;&#x435;&#x442;&#x435;&#x440;&#x431;&#x443;&#x440;&#x433;</subfield>
    <subfield code="c">&#x41F;&#x43E;&#x43B;&#x438;&#x442;&#x435;&#x445;-&#x43F;&#x440;&#x435;&#x441;&#x441;</subfield>
    <subfield code="c">&#x421;&#x430;&#x43D;&#x43A;&#x442;-&#x41F;&#x435;&#x442;&#x435;&#x440;&#x431;&#x443;&#x440;&#x433;&#x441;&#x43A;&#x438;&#x439; &#x43F;&#x43E;&#x43B;&#x438;&#x442;&#x435;&#x445;&#x43D;&#x438;&#x447;&#x435;&#x441;&#x43A;&#x438;&#x439; &#x443;&#x43D;&#x438;&#x432;&#x435;&#x440;&#x441;&#x438;&#x442;&#x435;&#x442; &#x41F;&#x435;&#x442;&#x440;&#x430; &#x412;&#x435;&#x43B;&#x438;&#x43A;&#x43E;&#x433;&#x43E;</subfield>
    <subfield code="d">2022</subfield>
  </datafield>
  <datafield tag="215" ind1=" " ind2=" ">
    <subfield code="d">20</subfield>
  </datafield>
  <datafield tag="300" ind1=" " ind2=" ">
    <subfield code="a">&#x410;&#x432;&#x442;. &#x442;&#x430;&#x43A;&#x436;&#x435; &#x43D;&#x430; &#x430;&#x43D;&#x433;&#x43B;. &#x44F;&#x437;.: E. G. Kiseleva, A. B. Teslya</subfield>
  </datafield>
  <datafield tag="510" ind1="1" ind2=" ">
    <subfield code="6">z37790</subfield>
    <subfield code="a">Corporate finance</subfield>
    <subfield code="z">eng</subfield>
  </datafield>
  <datafield tag="606" ind1="1" ind2=" ">
    <subfield code="a">&#x41A;&#x43E;&#x440;&#x43F;&#x43E;&#x440;&#x430;&#x446;&#x438;&#x438;</subfield>
    <subfield code="j">&#x423;&#x447;&#x435;&#x431;&#x43D;&#x44B;&#x435; &#x438;&#x437;&#x434;&#x430;&#x43D;&#x438;&#x44F; &#x434;&#x43B;&#x44F; &#x432;&#x44B;&#x441;&#x448;&#x438;&#x445; &#x443;&#x447;&#x435;&#x431;&#x43D;&#x44B;&#x445; &#x437;&#x430;&#x432;&#x435;&#x434;&#x435;&#x43D;&#x438;&#x439;</subfield>
    <subfield code="x">&#x424;&#x438;&#x43D;&#x430;&#x43D;&#x441;&#x44B;</subfield>
    <subfield code="9">2162239</subfield>
    <subfield code="3">RU\NLR\AUTH\661301194</subfield>
  </datafield>
  <datafield tag="686" ind1="1" ind2=" ">
    <subfield code="a">&#x423;26(0)19&#x44F;73</subfield>
  </datafield>
  <datafield tag="700" ind1=" " ind2="1">
    <subfield code="7">ca</subfield>
    <subfield code="8">rus</subfield>
    <subfield code="a">&#x41A;&#x438;&#x441;&#x435;&#x43B;&#x435;&#x432;&#x430;</subfield>
    <subfield code="b">&#x415;. &#x413;.</subfield>
    <subfield code="c">&#x43A;&#x430;&#x43D;&#x434;. &#x44D;&#x43A;&#x43E;&#x43D;. &#x43D;&#x430;&#x443;&#x43A;</subfield>
    <subfield code="f">1979-</subfield>
    <subfield code="g">&#x415;&#x43B;&#x435;&#x43D;&#x430; &#x413;&#x440;&#x438;&#x433;&#x43E;&#x440;&#x44C;&#x435;&#x432;&#x43D;&#x430;</subfield>
    <subfield code="9">248749</subfield>
    <subfield code="3">RU\NLR\AUTH\770248805</subfield>
  </datafield>
  <datafield tag="701" ind1=" " ind2="1">
    <subfield code="a">&#x422;&#x435;&#x441;&#x43B;&#x44F;</subfield>
    <subfield code="b">&#x410;. &#x411;.</subfield>
    <subfield code="g">&#x410;&#x43D;&#x43D;&#x430; &#x411;&#x43E;&#x440;&#x438;&#x441;&#x43E;&#x432;&#x43D;&#x430;</subfield>
  </datafield>
  <datafield tag="790" ind1=" " ind2="1">
    <subfield code="7">ba</subfield>
    <subfield code="8">rus</subfield>
    <subfield code="a">Kiseleva</subfield>
    <subfield code="b">E. G.</subfield>
    <subfield code="c">&#x43A;&#x430;&#x43D;&#x434;. &#x44D;&#x43A;&#x43E;&#x43D;. &#x43D;&#x430;&#x443;&#x43A;</subfield>
    <subfield code="f">1979-</subfield>
    <subfield code="g">Elena Grigor'evna</subfield>
    <subfield code="9">248750</subfield>
    <subfield code="3">RU\NLR\AUTH\770248806</subfield>
  </datafield>
  <datafield tag="790" ind1=" " ind2="1">
    <subfield code="6">z37</subfield>
    <subfield code="6">z37510</subfield>
    <subfield code="a">Teslja</subfield>
    <subfield code="b">A. B.</subfield>
    <subfield code="g">Anna Borisovna</subfield>
  </datafield>
  <datafield tag="852" ind1=" " ind2=" ">
    <subfield code="a">NLR</subfield>
    <subfield code="j">2022-4/8965</subfield>
  </datafield>
  <datafield tag="942" ind1=" " ind2=" ">
    <subfield code="c">BOOK</subfield>
  </datafield>
</record>
